000 00741nam a2200241 i 4500
003 DO-SdBNP
005 20230704082343.0
007 ta
008 230630b20? dr ||||| |||| 00| 0 spa d
040 _aDO-SdBNP
_bspa
_cBNPHU
_erda
082 4 _bR426m
_222
100 _983646
110 _aRepública Dominicana.
_bFondo Patrimonial de las Empresas Reformadas (FONPER)
_983680
245 1 0 _aMemoria institucional :
_bdecenio 2001-2011
264 1 _aSanto Domingo :
_bFONPER,
_c[sin fecha].
300 _a247 páginas :
_bilustraciones ;
_c32 cm.
336 _2rdacontent
_atexto
_btxt
337 _2rdamedia
_asin mediación
_bn
338 _2rdacarrier
_avolumen
_bnc
590 _aInventariado, 2023/DG
910 _aDG
942 _2ddc
_cLBS1
999 _c54068
_d54068